Logo Biblioteca

30.30 : (Registro nro. 128)

Detalles MARC
000 -LEADER
fixed length control field 01146nam a22002897a 4500
003 - CONTROL NUMBER IDENTIFIER
control field OSt
005 - DATE AND TIME OF LATEST TRANSACTION
control field 20240507083610.0
008 - FIXED-LENGTH DATA ELEMENTS--GENERAL INFORMATION
fixed length control field 231018s2015 ag ||||| |||| 00| p spa d
020 ## - INTERNATIONAL STANDARD BOOK NUMBER
International Standard Book Number 9789871912445
040 ## - CATALOGING SOURCE
Transcribing agency besoc
245 10 - TITLE STATEMENT
Title 30.30 :
Remainder of title poesía argentina del siglo XXI /
Statement of responsibility, etc. Selección y prólogo Francisco Bitar, Daiana Henderson, Gervasio Monchietti
250 ## - EDITION STATEMENT
Edition statement 2a ed.
260 ## - PUBLICATION, DISTRIBUTION, ETC.
Place of publication, distribution, etc. Rosario :
Name of publisher, distributor, etc. emr,
Date of publication, distribution, etc. 2015
300 ## - PHYSICAL DESCRIPTION
Extent 248 p.
490 0# - SERIES STATEMENT
Series statement Colección libros del festival
505 1# - FORMATTED CONTENTS NOTE
Formatted contents note Antolín -- Leandro Beier -- Julián Bejarano -- Mariano Blatt -- Tomás Boasso -- Franco Boczkowski -- Luciana Caamaño -- Ariel Delgado -- Meli depetris.-
520 0# - SUMMARY, ETC.
Summary, etc. Textos inéditos o publicados después de 2000 de treinta autores de hasta treinta años de edad.-
650 #4 - SUBJECT ADDED ENTRY--TOPICAL TERM
Topical term or geographic name entry element Literatura argentina
Form subdivision Poesía
General subdivision Siglo XXI
700 1# - ADDED ENTRY--PERSONAL NAME
Personal name Bitar, Francisco
700 1# - ADDED ENTRY--PERSONAL NAME
Personal name Henderson, Daiana
700 1# - ADDED ENTRY--PERSONAL NAME
Personal name Monchietti, Gervasio
700 1# - ADDED ENTRY--PERSONAL NAME
Personal name Beier, Leandro,
Dates associated with a name (1985-),
Relator term autor
700 1# - ADDED ENTRY--PERSONAL NAME
Personal name Bejarano, Julián,
Dates associated with a name (1989-),
Relator term autor
700 1# - ADDED ENTRY--PERSONAL NAME
Personal name Blatt, Mariano,
Dates associated with a name (1983-),
Relator term autor
700 1# - ADDED ENTRY--PERSONAL NAME
Personal name Boasso, Tomás,
Dates associated with a name (1984-),
Relator term autor
942 ## - ADDED ENTRY ELEMENTS (KOHA)
Source of classification or shelving scheme Universal Decimal Classification
Koha item type Obra General
Suppress in OPAC No
Existencias
Withdrawn status Lost status Source of classification or shelving scheme Damaged status Not for loan Collection Home library Current library Date acquired Total checkouts Full call number Barcode Date last seen Price effective from Koha item type
    Universal Decimal Classification     Colección General Biblioteca Escuela de Ciencias Sociales Biblioteca Escuela de Ciencias Sociales 19/10/2023   82-1(82) T787 Caja 35 000002 19/10/2023 19/10/2023 Obra General
Biblioteca de la Escuela Preuniversitaria en Ciencias Sociales y Humanísticas.
Riobamba 250 bis.
CP 2000 - Rosario - Santa Fe
E-Mail: biblioteca@esociales.unr.edu.ar